Šaty chodicí : každodennost a symbolika ve šlechtickém šatníku raného novověku /

Hlavní autor: Hajná, Milena, 1973-
Jazyk: Čeština
Vydáno: České Budějovice : Národní památkový ústav, 2016
Vydání: Vydání první
Edice: Miscellanea (Národní památkový ústav, územní odborné pracoviště v Českých Budějovicích)
Témata:
Fyzický popis: 255 stran : ilustrace (převážně barevné), portréty, faksimile ; 24 cm
Language note: Anglické resumé
Knihy
Uloženo v:
LEADER 02585nam a2200649 i 4500
001 nkc20172879139
003 CZ PrNK
005 20170721090504.0
007 ta
008 170207s2016 xr ach f 001 0ccze
015 |a cnb002879139 
020 |a 978-80-87890-17-2  |q (brožováno) 
035 |a (OCoLC)982106278 
040 |a OLA001  |b cze  |e rda 
041 0 |a cze  |b eng 
043 |a e-xr--- 
045 |a t-v- 
072 7 |a 646  |x Odívání. Péče o tělo  |2 Konspekt  |9 19 
080 |a 646.4/.5  |2 MRF 
080 |a 391(091)  |2 MRF 
080 |a 646.4/.5(091)  |2 MRF 
080 |a 929.7  |2 MRF 
080 |a (437.3)  |2 MRF 
080 |a (048.8)  |2 MRF 
100 1 |a Hajná, Milena,  |d 1973-  |7 xx0064516  |4 aut 
245 1 0 |a Šaty chodicí :  |b každodennost a symbolika ve šlechtickém šatníku raného novověku /  |c Milena Hajná 
250 |a Vydání první 
264 1 |a České Budějovice :  |b Národní památkový ústav,  |c 2016 
300 |a 255 stran :  |b ilustrace (převážně barevné), portréty, faksimile ;  |c 24 cm 
336 |a text  |b txt  |2 rdacontent 
336 |a statický obraz  |b sti  |2 rdacontent 
337 |a bez média  |b n  |2 rdamedia 
338 |a svazek  |b nc  |2 rdacarrier 
490 1 |a Miscellanea ;  |v svazek č. 15 
500 |a 750 výtisků 
504 |a Obsahuje bibliografii, bibliografické odkazy a rejstřík 
546 |a Anglické resumé 
648 7 |a 16.-18. století  |7 ch757029  |2 czenas 
650 0 7 |a odívání  |7 ph115567  |y 16.-18. století  |2 czenas 
650 0 7 |a odívání  |7 ph115567  |z Česko  |y 16.-18. století  |2 czenas 
650 0 7 |a dějiny módy  |7 ph484342  |y 16.-18. století  |2 czenas 
650 0 7 |a dějiny odívání  |7 ph524154  |y 16.-18. století  |2 czenas 
650 0 7 |a šlechta  |7 ph116832  |z Česko  |y 16.-18. století  |2 czenas 
650 0 9 |a clothing  |y 16th-18th centuries  |2 eczenas 
650 0 9 |a clothing  |z Czechia  |y 16th-18th centuries  |2 eczenas 
650 0 9 |a history of fashion  |y 16th-18th centuries  |2 eczenas 
650 0 9 |a history of clothing  |y 16th-18th centuries  |2 eczenas 
650 0 9 |a nobility  |z Czechia  |y 16th-18th centuries  |2 eczenas 
655 7 |a monografie  |7 fd132842  |2 czenas 
655 9 |a monographs  |2 eczenas 
830 0 |a Miscellanea (Národní památkový ústav, územní odborné pracoviště v Českých Budějovicích)  |0 s 
910 2 |a BOA001  |b 2-1384.114 
990 |a BK 
995 |a 01 
991 |b 201702  |c NOV 
996 6 |b 2610697171  |c 2-1384.114  |l MZK  |r Sklad / do 1 hodiny  |n 7  |p p.v.  |w 001599319  |u 000010  |a 1  |e BOA001  |j MZK50  |s P 
996 6 |b 2610714053  |c 2-1384.114  |l MZK  |r HSS 4p  |n 0  |p kup  |h 391 HAJ  |w 001599319  |u 000020  |a 0  |e BOA001  |j MZK50  |s P